00342cam a22001097a 4500008004000000100001800040245006700058260005200125300001000177650002500187700002000212180718b1997 xxu||||| |||| 00| 0 eng d aJenings, Ivar aBritish sanvidhaan (Hindi)cby Ivar Jenings and Omprakash Gaba aDelhibHindi Madhyam Karyanvay Nideshalyac1997 a220p. aConstitution-british aGaba, Omprakash